000 00535nam a2200205Ia 4500
005 20250326142922.0
008 250326s9999 xx 000 0 und d
020 _a0-7494-1383-2
037 _aTextbook
040 _aFMSL
_beng
_cFMSL
041 _aeng
_2eng
084 _aX:81 N3
_qFMSL
100 _aArmstrong M
_9735375
245 0 _aHow to be an even better manager
_cArmstrong M
250 _a4
260 _aUSA
_bUSA, Kogan Page
_c1993
300 _a328p
942 _cTB
_hX:81 N3
999 _c1297262
_d1297262